[Event "Kottayam op"]
[Site "Kottayam"]
[Date "2025.05.04"]
[Round "7"]
[White "Sanz Wawer, Daniel"]
[Black "Abhishek, TM."]
[Result "1-0"]
[WhiteElo "2316"]
[BlackElo "2044"]
[PlyCount "51"]
[EventDate "2025.04.30"]
[EventType "swiss"]
[EventRounds "10"]
[EventCountry "IND"]
[SourceTitle "CB19_2025"]
[SourceDate "2025.05.07"]
[SourceVersion "1"]
[SourceVersionDate "2025.05.07"]
[SourceQuality "1"]

1. d4 Nf6 2. Nf3 e6 3. e3 b6 4. Bd3 Bb7 5. 0-0 c5 6. Nbd2 Nc6 7. b3 Be7 8. c4 cxd4 9. exd4 d5 10. Bb2 0-0 11. Re1 Rc8 12. Rc1 Rc7 13. a3 dxc4 14. bxc4 Qa8 15. d5 exd5 16. Bxf6 Bxf6 17. cxd5 Qd8 18. dxc6 Bxc6 19. Qc2 Rc8 20. Bxh7+ Kh8 21. Bf5 Bd7 22. Qd3 Bxf5 23. Qxf5 Rxc1 24. Rxc1 Qe7 25. Ne4 Qxa3 26. Re1 1-0

[Event "Hyderabad Varas op"]
[Site "Hyderabad"]
[Date "2024.10.19"]
[Round "8"]
[White "Abhishek, TM."]
[Black "Karan, JP."]
[Result "1/2-1/2"]
[WhiteElo "1968"]
[BlackElo "1983"]
[PlyCount "56"]
[EventDate "2024.10.15"]
[EventType "swiss"]
[EventRounds "9"]
[EventCountry "IND"]
[SourceTitle "CB43_2024"]
[Source "Chessbase"]
[SourceDate "2024.10.23"]
[SourceVersion "1"]
[SourceVersionDate "2024.10.23"]
[SourceQuality "1"]

1. Nf3 Nf6 2. b3 g6 3. Bb2 Bg7 4. g3 0-0 5. Bg2 d6 6. d4 Nbd7 7. 0-0 c6 8. Re1 Qc7 9. e4 e5 10. c4 Re8 11. Nc3 exd4 12. Nxd4 a5 13. Qd2 Nc5 14. Rad1 Be6 15. Nxe6 Rxe6 16. Kh1 Ree8 17. f3 Rad8 18. Qf2 Nfd7 19. Re2 Ne5 20. Red2 a4 21. Nxa4 Nxa4 22. bxa4 c5 23. Bxe5 Bxe5 24. f4 Bd4 25. Qf3 Ra8 26. e5 Rxa4 27. Qxb7 Qxb7 28. Bxb7 Rxc4 1/2-1/2